ဗိုလ်ချုပ်မှူးကြီးစောမောင် မိန့်ကြားသည့်မိန့်ခွန်း / (Record no. 27295)

000 -LEADER
fixed length control field 01089nam a22001937a 4500
005 - DATE AND TIME OF LATEST TRANSACTION
control field 20260127150540.0
008 - FIXED-LENGTH DATA ELEMENTS--GENERAL INFORMATION
fixed length control field 230718b ||||| |||| 00| 0 eng d
040 ## - CATALOGING SOURCE
Transcribing agency SSBUL
Modifying agency SSBUL
082 ## - DEWEY DECIMAL CLASSIFICATION NUMBER
Edition number 23
Classification number ၈၉၅.၈၉ ဗိုလ် ၁၉၁၂၀ (S-SAT)
245 00 - TITLE STATEMENT
Title ဗိုလ်ချုပ်မှူးကြီးစောမောင် မိန့်ကြားသည့်မိန့်ခွန်း /
250 ## - EDITION STATEMENT
Edition statement ဒုတိယအကြိမ်။
260 ## - PUBLICATION, DISTRIBUTION, ETC.
Place of publication, distribution, etc. ရန်ကုန်၊
Name of publisher, distributor, etc. ကြေးမုံသတင်းစာတိုက်၊
Date of publication, distribution, etc. ၁၉၉၁။
300 ## - PHYSICAL DESCRIPTION
Extent ၇၁ စာမျက်နှာ၊
Other physical details ဓာတ်ပုံများ၊
Dimensions ၂၃ စင်တီ။
500 ## - GENERAL NOTE
General note S-SAT: Dr. Prof Sai Aung Tun
650 ## - SUBJECT ADDED ENTRY--TOPICAL TERM
Topical term or geographic name entry element မြန်မာမိန့်ခွန်းများ။
9 (RLIN) 27776
Topical term or geographic name entry element မိန့်ခွန်းများ။
9 (RLIN) 27777
Topical term or geographic name entry element နိုင်ငံတော်ငြိမ်ဝပ်ပိပြားမှု တည်ဆောက်ရေးအဖွဲ့။
9 (RLIN) 28110
942 ## - ADDED ENTRY ELEMENTS (KOHA)
Source of classification or shelving scheme
Koha item type Book (Short term)
Holdings
Withdrawn status Lost status Source of classification or shelving scheme Damaged status Not for loan Collection code Permanent Location Current Location Shelving location Date acquired Total Checkouts Full call number Barcode Date last seen Price effective from Koha item type Accession
          Special Collections Shan State Buddhist University Library Shan State Buddhist University Library Special Collection Shelves 18/07/2023   ၈၉၅.၈၉ ဗိုလ် ၁၉၁၂၀ (S-SAT) MB00019120 18/07/2023 18/07/2023 Book (Short term) ၁၉၁၂၀ (S-SAT)

Library - 09407999929
Admin Office - 09407999979
Dean Office - 09250910768
Registrar Office - 09892297154
Email - [email protected]
Shan State Buddhist University, Phaya Phyu Taunggyi, Shan State, Myanmar.